[Event "Khanty-Mansiysk Governor Cup 19th"]
[Site "Khanty-Mansiysk"]
[Date "2023.11.18"]
[Round "2"]
[White "Tsydypov, Zhamsaran"]
[Black "Zarubitski, Viachaslau"]
[Result "0-1"]
[WhiteElo "2548"]
[BlackElo "2419"]
[PlyCount "94"]
[EventDate "2023.11.17"]
[EventType "swiss"]
[EventRounds "9"]
[EventCountry "RUS"]
[SourceTitle "CB48_2023"]
[SourceDate "2023.11.29"]
[SourceVersion "1"]
[SourceVersionDate "2023.11.29"]
[SourceQuality "1"]

1. e4 e5 2. Nf3 Nf6 3. Nxe5 d6 4. Nf3 Nxe4 5. d4 d5 6. Bd3 Bd6 7. c4 c6 8. 0-0 0-0 9. Nc3 Nxc3 10. bxc3 dxc4 11. Bxc4 Bg4 12. h3 Bh5 13. g4 Bg6 14. Ne5 Bxe5 15. dxe5 Qa5 16. Bf4 Qxc3 17. Rc1 Qxh3 18. Re1 h5 19. e6 Qxg4+ 20. Qxg4 hxg4 21. Bd6 Rd8 22. Bc7 Rf8 23. e7 Re8 24. Rcd1 Na6 25. Ba5 Rab8 26. Rd6 Kh7 27. Rd8 b5 28. Bb3 Kg8 29. Kg2 Bf5 30. Kg3 Be6 31. Bc2 Bxa2 32. Kxg4 Bc4 33. Kf4 f6 34. Bg6 Bf7 35. Kf5 b4 36. Rxb8 Nxb8 37. Rd1 b3 38. Bc3 Na6 39. Rd7 c5 40. f3 c4 41. f4 Nc5 42. Rd6 Nb7 43. Rd7 Nc5 44. Rd6 Nb7 45. Rd7 Rxe7 46. Rxe7 Nd6+ 47. Kg4 Bxg6 0-1

[Event "RUS-chT Rapid"]
[Site "Sochi"]
[Date "2023.10.18"]
[Round "5.3"]
[White "Dubov, Daniil"]
[Black "Zarubitski, Viachaslau"]
[Result "1-0"]
[WhiteElo "2710"]
[BlackElo "2429"]
[PlyCount "169"]
[EventDate "2023.10.18"]
[EventType "team-swiss (rapid)"]
[EventRounds "9"]
[EventCountry "RUS"]
[SourceTitle "Mega2024 Update 01"]
[Source "Chessbase"]
[SourceDate "2023.11.12"]
[SourceVersion "1"]
[SourceVersionDate "2023.11.12"]
[SourceQuality "1"]
[WhiteTeam "Moscow Park Tauer"]
[BlackTeam "Belarus"]
[WhiteTeamCountry "RUS"]
[BlackTeamCountry "BLR"]

1. d4 d5 2. c4 c6 3. Nf3 Nf6 4. Nc3 dxc4 5. a4 Bf5 6. Ne5 Nbd7 7. Nxc4 Qc7 8. g3 e5 9. dxe5 Nxe5 10. Bf4 Nfd7 11. Bg2 g5 12. Ne3 gxf4 13. Nxf5 0-0-0 14. Qc2 Nc5 15. 0-0 fxg3 16. hxg3 a5 17. Rfd1 h5 18. Rxd8+ Qxd8 19. Rd1 Qf6 20. Ne4 Nxe4 21. Bxe4 Bb4 22. Kg2 Ng6 23. Qd3 Kb8 24. Qd4 Qe6 25. Rh1 Bc5 26. Qd3 h4 27. Nxh4 Nxh4+ 28. Rxh4 Rxh4 29. Qd8+ Qc8 30. Qxh4 Ka7 31. Qh5 Qf8 32. Bd3 Bb6 33. Bc4 f6 34. e3 Qb4 35. b3 Qd2 36. Qf3 Qd6 37. Qf5 Bc5 38. Kh3 Kb6 39. Be6 Qd8 40. Kg2 Qe7 41. Bc4 Qd6 42. g4 Qe7 43. Kh3 Bb4 44. Kg2 Bc3 45. Qd3 Bb4 46. Kf3 Bc5 47. Qe4 Qf8 48. Ke2 Bb4 49. Qd4+ Kc7 50. g5 fxg5 51. Qe5+ Qd6 52. Qxg5 Qd2+ 53. Kf3 Qd1+ 54. Kg2 b5 55. axb5 cxb5 56. Qg7+ Kb6 57. Be6 a4 58. bxa4 bxa4 59. Qf7 Qd6 60. Bd5 a3 61. e4 Qe7 62. Qg8 Bd6 63. Qg6 Kc5 64. Be6 Kd4 65. Qg4 a2 66. Qd1+ Kc5 67. Qd5+ Kb6 68. Qxa2 Qg5+ 69. Kf1 Qc1+ 70. Ke2 Bc5 71. Qb3+ Kc7 72. Qg3+ Bd6 73. Qg7+ Kb6 74. Qd4+ Qc5 75. Qd3 Kc7 76. Bd5 Be5 77. Qb3 Qb6 78. Qa4 Qb2+ 79. Kf3 Qc3+ 80. Kg4 Qc5 81. f4 Bxf4 82. Kxf4 Qc1+ 83. Kf5 Qf1+ 84. Ke5 Qf2 85. Qc6+ 1-0

[Event "Titled Tuesday intern op 19th Sep Early"]
[Site "Chess.com INT"]
[Date "2023.09.19"]
[Round "3"]
[White "Zarubitski, Viachaslau"]
[Black "Topalov, Aleksandar"]
[Result "1-0"]
[WhiteElo "2423"]
[BlackElo "2233"]
[PlyCount "115"]
[EventDate "2023.09.19"]
[EventType "swiss (blitz)"]
[EventRounds "11"]
[EventCountry "USA"]
[SourceTitle "EXT 2024"]
[Source "ChessBase"]
[SourceDate "2023.10.10"]
[SourceVersion "1"]
[SourceVersionDate "2023.10.10"]
[SourceQuality "1"]

1. e4 e6 2. d3 d5 3. Nd2 c5 4. Ngf3 Nc6 5. g3 Be7 6. Bg2 Nf6 7. 0-0 0-0 8. Re1 b5 9. e5 Nd7 10. Nf1 a5 11. h4 b4 12. N1h2 Ba6 13. h5 a4 14. h6 g6 15. a3 Bb5 16. Bf4 Re8 17. Ng4 Rc8 18. Qd2 Qc7 19. Bg5 Bf8 20. Nf6+ Nxf6 21. Bxf6 Nd4 22. Nh2 b3 23. c3 Nc2 24. Ng4 Nxa1 25. Bg7 Be7 26. Rxa1 Qd8 27. Bf6 Bc6 28. Qf4 d4 29. Bxc6 Rxc6 30. Bxe7 Rxe7 31. Rc1 Rec7 32. Nf6+ Kh8 33. c4 Qe7 34. Ne4 Rd7 35. Kg2 Rd8 36. Rh1 Rd7 37. Rh4 Rcc7 38. Nf6 Rd8 39. Rh3 Rc6 40. g4 Rc7 41. Rf3 Ra7 42. Kg3 Rc7 43. Ne4 Kg8 44. Qd2 Rc6 45. Rf6 Ra8 46. Qg5 Rc7 47. Nd6 Rf8 48. Qd2 Rd7 49. Ne4 Rc7 50. Qa5 Qe8 51. Qxc7 Qa8 52. Qxc5 Rc8 53. Qxd4 Rd8 54. Qe3 Qa5 55. d4 Qa6 56. Nd6 Qc6 57. Qf3 Qb6 58. Rxf7 1-0

[Event "Titled Tuesday intern op 29th Aug Early"]
[Site "Chess.com INT"]
[Date "2023.08.29"]
[Round "4"]
[White "Zarubitski, Viachaslau"]
[Black "Hrescak, Ivana"]
[Result "1-0"]
[WhiteElo "2423"]
[BlackElo "2117"]
[PlyCount "79"]
[EventDate "2023.08.29"]
[EventType "swiss (blitz)"]
[EventRounds "11"]
[EventCountry "USA"]
[SourceTitle "EXT 2024"]
[Source "ChessBase"]
[SourceDate "2023.10.10"]
[SourceVersion "1"]
[SourceVersionDate "2023.10.10"]
[SourceQuality "1"]

1. e4 e5 2. Nf3 Nc6 3. Bc4 Nf6 4. d3 Be7 5. Nc3 h6 6. 0-0 0-0 7. a4 d6 8. Nd5 Nxd5 9. Bxd5 Re8 10. c3 Bf6 11. b4 Ne7 12. Bb3 Ng6 13. Re1 Be6 14. d4 exd4 15. cxd4 Bxb3 16. Qxb3 d5 17. e5 Be7 18. Bd2 Nh4 19. Rac1 Nxf3+ 20. Qxf3 c6 21. Qg3 Bg5 22. Qd3 Bxd2 23. Qxd2 a6 24. f4 Qh4 25. f5 Rad8 26. Rf1 Qg5 27. Qd3 Qe7 28. f6 Qxb4 29. fxg7 Qxa4 30. Rf6 Re6 31. Rcf1 Rxf6 32. Rxf6 Qa1+ 33. Rf1 Qb2 34. Rb1 Qa2 35. Rxb7 Qc4 36. Qd2 c5 37. dxc5 Qxc5+ 38. Kh1 Rc8 39. Rb1 d4 40. Qxh6 1-0